Normal view MARC view
  • Orozco, José Clemente,

Entry Nombre Personal

Number of records used in: 2

001 - NUMERO DE CONTROL

  • campo de control: 28577

003 - IDENTIFICADOR DE NUMERO DE CONTROL

  • campo de control: DLC

005 - FECHA Y HORA DE LA ÜLTIMA TRANSACCIÓN

  • campo de control: 20240410164834.0

008 - DATOS DE LONGITUD FIJA

  • campo de control de longitud fija: 800213n| azannaabn |a aaa

010 ## - NÚMERO DE CONTROL DE LA BIBLIOTECA DEL CONGRESO

  • Número de control LC: n 50002371

035 ## - NUMERO DE CONTROL

  • Número de control: (OCoLC)oca00038015

040 ## - FUENTE DE CATALOGACIÓN

  • Agencia original de catalogación: DLC
  • Lenguaje de catalogación: spa
  • Description conventions: rda
  • Agencia de transcripción: DLC
  • Agencia que lo modifica: DLC
  • Agencia que lo modifica: OCoLC
  • Agencia que lo modifica: UPB
  • Agencia que lo modifica: DLC
  • Agencia que lo modifica: HU
  • Agencia que lo modifica: OCoLC
  • Agencia que lo modifica: MX-MxUPN

046 ## - FECHAS CON CODIFICACIÓN ESPECIAL

  • Fecha de nacimiento: 1883-11-23
  • Fecha de muerte: 1949-09-07
  • Fuente del formato de fecha: edtf

100 1# - ENCABEZAMIENTO - NOMBRE PERSONAL

  • Nombre personal: Orozco, José Clemente,
  • Fechas asociadas con el nombre: 1883-1949

370 ## - LUGAR ASOCIADO

  • Place of birth: Ciudad Guzmán (México)
  • Place of death: Ciudad de México
  • Associated country: Mexico
  • Fuente del término: naf

372 ## - CAMPO DE ACTIVIDAD

  • Field of activity: Realismo social

374 ## - OCUPACIÓN

  • Occupation: Muralista
  • Occupation: Pintor

400 1# - VEÁSE - NOMBRE DE PERSONA

  • Personal name: Orozco, J. C.
  • Fuller form of name: (José Clemente),
  • Dates associated with a name: 1883-1949

670 ## - FUENTE EN LA QUE SE LOCALIZARON DATOS

  • Cita de la fuente: José Clemente Orozco ... 1932.

670 ## - FUENTE EN LA QUE SE LOCALIZARON DATOS

  • Cita de la fuente: José Clemente Orozco, antología crítica, 1982:
  • Información localizada: portada (José Clemente Orozco) cover (J.C. Orozco)

670 ## - FUENTE EN LA QUE SE LOCALIZARON DATOS

  • Cita de la fuente: Wikipedia, Feb. 26, 2013
  • Información localizada: (José Clemente Orozco; born November 23, 1883 in Ciudad Guzman, Mexico; died September 7, 1949 in Mexico City; Mexican social realist painter, who specialized in bold murals that established the Mexican Mural Renaissance together with murals by Diego Rivera, David Alfaro Siqueiros, and others. Orozco was the most complex of the Mexican muralists, fond of the theme of human suffering, but less realistic and more fascinated by machines than Rivera. Mostly influenced by Symbolism, he was also a genre painter and lithographer. Orozco was known for being a politically committed artist)

902 ## - CATALOGADOR

  • Catalogador: Víctor Ruiz/100424